| 000 | 01190nam2a2200265 4500 | ||
|---|---|---|---|
| 001 | RU\NLR\BIBL_A\016218391 | ||
| 005 | 20230127170445.0 | ||
| 010 |
_a978-5-389-21671-6 _97000 |
||
| 021 |
_aRU _bАЛ-П-22-00987и _9АЛ-П-22-0195 |
||
| 035 | _a(NLR Aleph) 016218391 | ||
| 035 | _a(RuMoRGB)011324736 | ||
| 090 |
_a12730120 _c12730120 |
||
| 100 | _a20221125d2022 u y0rusy50 ca | ||
| 101 | 1 |
_arus _ceng |
|
| 102 | _aRU | ||
| 105 | _aa t 000ay | ||
| 200 | 0 | _aКн. 1 | |
| 210 | _d2022 | ||
| 215 |
_a[384] с. _cил., цв. ил. |
||
| 320 | _aДр. кн. авт. на 3-й с. суперобл. | ||
| 461 | 0 |
_1001RU\NLR\BIBL_A\016218385 _12001#$aПроповедник$eграфический роман$fГарт Эннис$gАлександр Лисовский - перевод с англ.$gхудожник Стив Диллон$vКн. 1 _1700#1$aЭннис$bГ.$f1970-$gГарт$3RU\NLR\AUTH\770157632 _912730099 _aЭннис, Г. (1970-) _cСанкт-Петербург _d2022 _fГарт Эннис _nАзбука _oграфический роман _tПроповедник _vКн. 1 |
|
| 942 | _cBOOK | ||
| 980 | _aNB | ||